Normal view
MARC view
- ARMED FORCES PERIODICALS
Entry Topical Term
001 - CONTROL NUMBER
- control field: 75810
003 - CONTROL NUMBER IDENTIFIER
- control field: NUST
005 - DATE AND TIME OF LATEST TRANSACTION
- control field: 20210628205511.0
008 - FIXED-LENGTH DATA ELEMENTS
- fixed length control field: 210628|| aca||aabn | a|a d
040 ## - CATALOGING SOURCE
- Original cataloging agency: NUST
- Transcribing agency: NUST
150 ## - HEADING--TOPICAL TERM
- Topical term or geographic name entry element: ARMED FORCES PERIODICALS
670 ## - SOURCE DATA FOUND
- Source citation: Work cat.: (NUST): RUSI AND BRASSEY'S DEFENCE YEARBOOK 1981, 1981
